|
|
|
|
| LEADER |
00000nam0a2200000 4500 |
| 001 |
51482 |
| 005 |
20231101211319.0 |
| 035 |
|
|
|a (RuTPU)RU\TPU\book\53904
|
| 090 |
|
|
|a 51482
|
| 100 |
|
|
|a 20030505d1980 m y0rusy50 ca
|
| 101 |
0 |
|
|a rus
|
| 102 |
|
|
|a RU
|
| 105 |
|
|
|a a j 001zy
|
| 200 |
1 |
|
|a Охрана водного бассейна ТЭС
|e Конспект лекций
|f В. П. Игнатов
|
| 210 |
|
|
|a Куйбышев
|c Изд-во Куйбышевского политехнического ин-та
|d 1980
|
| 215 |
|
|
|a 56 с.
|c ил.
|
| 320 |
|
|
|a Библиогр.: с. 55
|
| 606 |
|
|
|a Тепловые электрические станции
|x Водное хозяйство
|2 stltpush
|3 (RuTPU)RU\TPU\subj\59604
|9 77114
|
| 610 |
1 |
|
|a электрические станции
|
| 610 |
1 |
|
|a сточные воды
|
| 610 |
1 |
|
|a промышленные воды
|
| 610 |
1 |
|
|a очистка
|
| 610 |
1 |
|
|a водное хозяйство
|
| 610 |
1 |
|
|a охрана
|
| 610 |
1 |
|
|a загрязнение
|
| 610 |
1 |
|
|a методы
|
| 610 |
1 |
|
|a лекции
|
| 675 |
|
|
|a 621.311.22:628(075.8)
|v 3
|
| 700 |
|
1 |
|a Игнатов
|b В. П.
|
| 712 |
0 |
2 |
|a Куйбышевский политехнический институт
|2 stltpush
|3 (RuTPU)RU\TPU\col\320
|
| 801 |
|
1 |
|a RU
|b 63413507
|c 20030505
|g PSBO
|
| 801 |
|
2 |
|a RU
|b 63413507
|c 20180329
|g PSBO
|
| 942 |
|
|
|c BK
|